[Event "AUTO-ADV-4459"]
[Site "http://www.queenalice.com/game.php?id=1642239"]
[Date "2021.2.2"]
[Round "1"]
[White "Jackzapo"]
[Black "abh"]
[Result "0-1"]
[WhiteElo "1459"]
[BlackElo "1967"]

1. d4 d5 2. c4 Nf6 3. cxd5 Nxd5 4. Nc3 Nc6 5. Nf3 e6 6. e3 Bb4 7. Bd2 O-O 8. Be2
Qe7 9. Qc2 a6 10. O-O Bd7 11. Rac1 h6 0-1

[Event "AUTO-OPEN-4254"]
[Site "http://www.queenalice.com/game.php?id=1642321"]
[Date "2021.2.2"]
[Round "1"]
[White "Artking"]
[Black "abh"]
[Result "1-0"]
[WhiteElo "1994"]
[BlackElo "1947"]

1. Nf3 d5 2. d4 Nc6 3. Bf4 Nf6 4. e3 e6 5. c3 Bd6 6. Nbd2 O-O 7. Bd3 h6 8. Bg3
Bxg3 9. hxg3 Ne7 10. Ne5 Ng6 11. f4 Qd6 12. O-O Nd7 13. Nxg6 fxg6 14. Bxg6 Rf6
15. Bc2 b6 16. Nf3 Bb7 17. Qd3 a5 18. Qh7+ Kf8 19. Ne5 Ke8 20. Qxg7 Qe7 21. Qh8+
Nf8 22. Ba4+ Kd8 23. Bc6 Ra7 24. Bxb7 Qd6 25. Nc6+ 1-0

[Event "AUTO-OPEN-4254"]
[Site "http://www.queenalice.com/game.php?id=1642322"]
[Date "2021.2.2"]
[Round "1"]
[White "abh"]
[Black "Artking"]
[Result "0-1"]
[WhiteElo "2026"]
[BlackElo "2026"]

1. d4 Nf6 2. c4 g6 3. e3 Bg7 4. Bd3 c6 5. Nf3 d6 6. O-O O-O 7. h3 Nbd7 8. Bd2 e5
9. Nc3 Qe8 10. Re1 a6 11. a4 e4 12. Nxe4 Nxe4 13. Bxe4 Qxe4 14. Bc3 Nf6 15. Nh2
Qh4 16. Qf3 Bf5 17. Qd1 c5 18. f3 cxd4 19. Bxd4 Rad8 20. Qe2 Rfe8 21. e4 Bd7 22.
Qd1 Qg3 23. Bf2 Qe5 24. Rb1 Nh5 25. b3 f5 26. exf5 Qxf5 27. Nf1 Nf4 28. Rxe8+
Rxe8 29. Rc1 Ne2+ 30. Kh2 Nxc1 31. Qxc1 Re2 32. Ng3 Rc2 33. Qd1 Be5 34. Qe1 h5
35. h4 Qf4 36. Be3 Qxh4+ 0-1

[Event "AUTO-OPEN-4254"]
[Site "http://www.queenalice.com/game.php?id=1642343"]
[Date "2021.2.2"]
[Round "1"]
[White "SGF"]
[Black "abh"]
[Result "0-1"]
[WhiteElo "1713"]
[BlackElo "1961"]

1. e4 e5 2. Qf3 Nf6 3. d3 h6 4. Be2 Nc6 5. c3 Bc5 6. Qg3 g6 7. h4 d5 8. exd5
Nxd5 9. c4 Ndb4 10. Na3 Qe7 11. Nf3 Bd7 12. O-O O-O-O 13. Bd2 e4 14. Nb5 Na6 15.
dxe4 Qxe4 16. Rfe1 Qf5 17. Bf4 Bb6 18. Bd6 Qf6 19. Bxc7 Nxc7 20. Nd6+ Kb8 21.
Nb5 a6 22. c5 Ba5 23. Nc3 Ka8 24. Rad1 Ne8 25. a3 Bc7 26. Ne4 Qxb2 27. Nd6 Rf8
28. Rd3 Qg7 29. Nxe8 Bxg3 30. Nxg7 Bb8 31. Red1 Ne5 32. Nxe5 Bxe5 33. Bg4 Bxg7
34. Bxd7 Bf6 35. c6 bxc6 36. Bxc6+ Kb8 37. Rb3+ Kc7 38. Rc1 Kd6 39. Rb6 a5 40.
Be8+ Ke5 41. Re1+ Kf5 42. Bb5 Bxh4 43. Bd3+ Rxd3 44. Rb5+ Kf6 45. Rxa5 Rfd8 46.
Ra6+ Kg7 47. g3 Bg5 48. a4 Rd1 49. Rxd1 Rxd1+ 50. Kg2 Re1 51. f4 Be7 52. a5 Bb4
53. Ra8 h5 54. a6 Kf6 55. Rb8 Bc5 56. Rb7 Ra1 57. Rc7 Be3 58. Kf3 Ra3 59. Ke2 h4
60. gxh4 Bxf4 61. Rc6+ Kf5 62. Rb6 Be3 63. Rb5+ Kg4 64. Rb4+ Kh5 65. Re4 Bb6 66.
Re7 Bd8 67. Rxf7 Bxh4 68. a7 Kg4 69. Rg7 g5 70. Kd2 Bf2 71. Kc2 Rxa7 72. Rxa7
Bxa7 73. Kd2 Kf3 74. Ke1 g4 75. Kf1 g3 76. Ke1 g2 77. Kd1 g1=Q+ 78. Kd2 Qe3+ 79.
Kc2 Bd4 80. Kb1 Qc3 81. Ka2 Qb2# 0-1

[Event "AUTO-OPEN-4254"]
[Site "http://www.queenalice.com/game.php?id=1642344"]
[Date "2021.2.2"]
[Round "1"]
[White "abh"]
[Black "SGF"]
[Result "1-0"]
[WhiteElo "1960"]
[BlackElo "1684"]

1. d4 d5 2. c4 dxc4 3. Nc3 c6 4. a4 Qa5 5. Bd2 Nf6 6. e4 Ng4 7. Nh3 h6 8. Bxc4
Nf6 9. Nf4 g5 10. Ncd5 Qd8 11. Nxf6+ exf6 12. Bxf7+ Kxf7 13. Qh5+ Ke7 14. Bb4+
Kd7 15. Qf7+ Be7 16. Ng6 Re8 17. O-O-O Na6 18. Bc5 Nxc5 19. dxc5+ Kc7 20. Rxd8
Kxd8 21. Rd1+ Bd7 22. Nxe7 Rxe7 23. Qxf6 Ke8 24. Qh8+ Kf7 25. Qxa8 Be8 26. f3
Kg6 27. Rd6+ Kh5 28. g4+ Kh4 29. Rxh6+ Bh5 30. Rxh5# 1-0

[Event "AUTO-OPEN-4254"]
[Site "http://www.queenalice.com/game.php?id=1642357"]
[Date "2021.2.2"]
[Round "1"]
[White "abh"]
[Black "askasl159"]
[Result "1-0"]
[WhiteElo "1931"]
[BlackElo "1871"]

1. d4 d5 2. c4 c6 3. Nf3 h6 4. Nc3 Nf6 5. a4 Bf5 6. e3 Ne4 7. Nxe4 Bxe4 8. Be2
e6 9. O-O Bxf3 10. Bxf3 Bd6 11. c5 Bc7 12. Bd2 b6 13. Qc2 bxc5 14. Qxc5 Bd6 15.
Qc2 O-O 16. b4 Na6 17. b5 cxb5 18. axb5 Nb4 19. Qa4 a5 20. Be2 Qb6 21. g3 Rfc8
22. Rfc1 Rxc1+ 23. Rxc1 Ra7 24. Bxb4 Bxb4 25. Rc6 Qb7 26. Ra6 e5 27. dxe5 g6 28.
Rc6 Qd7 29. b6 Rb7 30. Bb5 Qe7 31. Qa1 Qd8 32. Qd4 Kh7 33. Ba6 Bc3 34. Qxc3 Rxb6
35. Rc8 Qe7 36. e6 1-0

[Event "AUTO-OPEN-4254"]
[Site "http://www.queenalice.com/game.php?id=1642358"]
[Date "2021.2.2"]
[Round "1"]
[White "askasl159"]
[Black "abh"]
[Result "0-1"]
[WhiteElo "1876"]
[BlackElo "1945"]

1. e4 c5 2. Nf3 Nc6 3. Bc4 e6 4. O-O Be7 5. d4 cxd4 6. Nxd4 d5 7. exd5 Nxd4 8.
Qxd4 Nf6 9. Bb5+ Bd7 10. Bxd7+ Qxd7 11. c4 O-O 12. Nc3 b6 13. a3 Bc5 14. Qd2
Rad8 15. b4 Be7 16. Bb2 exd5 17. cxd5 Qf5 18. Rad1 Rfe8 19. Rfe1 Ng4 20. h3 Bg5
21. Rxe8+ Rxe8 22. Re1 Rxe1+ 23. Qxe1 Nf6 24. d6 h6 25. g4 Qd3 26. Nd1 Qxd6 27.
Bxf6 Bxf6 28. Ne3 Qd3 29. Qc1 g6 30. a4 Qb3 31. Qc2 Qxb4 32. Nd5 Qe1+ 33. Kg2
Bd4 34. Qc8+ Kg7 35. Qc2 Qa5 36. Qc4 Qd2 37. Qf1 Qa2 38. Nf4 Qxa4 39. Kg3 Be5
0-1

[Event "AUTO-ADV-4490"]
[Site "http://www.queenalice.com/game.php?id=1684031"]
[Date "2021.4.25"]
[Round "1"]
[White "maurice91"]
[Black "abh"]
[Result "0-1"]
[WhiteElo "1815"]
[BlackElo "2002"]

1. d4 d5 2. Nf3 Nf6 3. c4 e6 4. cxd5 exd5 5. Bg5 Be7 6. Nc3 O-O 7. e3 h6 8. Bh4
Bg4 9. Be2 Nc6 10. h3 Bh5 11. O-O a6 12. Rc1 Bg6 13. a3 Ne4 14. Bxe7 Qxe7 15.
Nxd5 Qd6 16. Nc3 Rae8 17. Nxe4 Bxe4 18. Nd2 Bg6 19. Bf3 Nd8 20. Re1 b5 21. Qb3
Kh8 22. Qc3 Re7 23. e4 f6 24. d5 c6 25. dxc6 Qc7 26. Nb3 Rfe8 27. Nd2 Re6 28.
Nb3 Rxc6 29. Qd2 Qe5 30. Rxc6 Nxc6 31. Nc1 Rd8 32. Qc2 Nd4 33. Qc3 Nxf3+ 34.
Qxf3 Qxb2 35. Qg3 Bxe4 36. Qc7 Re8 37. Nd3 Qxa3 38. Qd7 Qe7 39. Qg4 f5 40. Qg3
Qg5 41. Qh2 Qd2 42. Qd6 Kh7 43. Re3 a5 44. Qd7 Rb8 45. g4 Qd1+ 46. Re1 Qf3 47.
Kf1 Bxd3+ 48. Kg1 Qxh3 49. gxf5 Bxf5 50. Qd6 Rc8 51. Qf4 Rc4 52. Qe5 Rg4+ 0-1

[Event "AUTO-ADV-4490"]
[Site "http://www.queenalice.com/game.php?id=1684032"]
[Date "2021.4.25"]
[Round "1"]
[White "abh"]
[Black "maurice91"]
[Result "1-0"]
[WhiteElo "2013"]
[BlackElo "1949"]

1. d4 d5 2. c4 e6 3. Nc3 Nf6 4. Bg5 Be7 5. e3 c5 6. Nf3 Nc6 7. Bd3 cxd4 8. exd4
Bd7 9. a3 O-O 10. Qc2 a6 11. c5 a5 12. O-O b6 13. Ne5 bxc5 14. dxc5 Bxc5 15.
Bxf6 gxf6 16. Bxh7+ Kg7 17. Nxf7 Kxf7 18. Bg6+ Ke7 19. Ne4 Bxf2+ 20. Qxf2 dxe4
21. Qc5# 1-0

[Event "AUTO-ADV-4490"]
[Site "http://www.queenalice.com/game.php?id=1684043"]
[Date "2021.4.25"]
[Round "1"]
[White "MarcosT"]
[Black "abh"]
[Result "1-0"]
[WhiteElo "2183"]
[BlackElo "2011"]

1. e4 c5 2. Nc3 Nc6 3. g3 g6 4. Bg2 Bg7 5. d3 d6 6. Nge2 e5 7. Be3 Nf6 8. Nd5
Nxd5 9. exd5 Ne7 10. O-O O-O 11. c3 h6 12. c4 Bf5 13. Nc3 a6 14. a4 Bd7 15. Re1
Nf5 16. Bd2 Rb8 17. Ne2 b5 18. axb5 axb5 19. b4 Kh7 20. bxc5 dxc5 21. cxb5 Bxb5
22. Bc3 c4 23. dxc4 Bxc4 24. Qa4 Bxd5 25. Bxd5 Qxd5 26. Rad1 Qf3 27. Qc2 Rbc8
28. Rd3 Qc6 29. Rc1 e4 30. Rdd1 e3 31. f4 Qe6 32. Rd3 Rfe8 33. Qd1 Bxc3 34.
Rdxc3 Rxc3 35. Rxc3 1-0

[Event "AUTO-ADV-4490"]
[Site "http://www.queenalice.com/game.php?id=1684044"]
[Date "2021.4.25"]
[Round "1"]
[White "abh"]
[Black "MarcosT"]
[Result "0-1"]
[WhiteElo "2021"]
[BlackElo "2166"]

1. d4 d5 2. c4 e6 3. Nc3 Nf6 4. Bg5 Be7 5. e3 O-O 6. Nf3 c6 7. a3 Nbd7 8. Bd3
Ne4 9. Bxe7 Nxc3 10. Qc2 Qxe7 11. Qxc3 Nf6 12. O-O b6 13. c5 Bb7 14. b4 Ne4 15.
Qc2 Rfe8 16. Rad1 bxc5 17. dxc5 Qf6 18. Nd2 Nxd2 19. Rxd2 Qh6 20. f4 a5 21. Rf3
axb4 22. axb4 Ra1+ 23. Rf1 Rea8 24. Rxa1 Rxa1+ 25. Rd1 Rxd1+ 26. Qxd1 d4 27. g3
dxe3 28. Ba6 Qf6 29. Bxb7 h5 30. Bxc6 h4 31. Be4 h3 32. Kf1 g6 33. c6 Qb2 34.
Qe2 Qc1+ 35. Qe1 Qc4+ 36. Qe2 Qxe4 37. Ke1 Qh1+ 38. Qf1 Qxh2 39. Qd3 Qf2+ 40.
Kd1 h2 0-1

[Event "AUTO-ADV-4490"]
[Site "http://www.queenalice.com/game.php?id=1684051"]
[Date "2021.4.25"]
[Round "1"]
[White "abh"]
[Black "Nille"]
[Result "1-0"]
[WhiteElo "2001"]
[BlackElo "1894"]

1. d4 d5 2. c4 dxc4 3. Nf3 e6 4. e3 Bb4+ 5. Nc3 Nf6 6. Nd2 a6 7. Bxc4 O-O 8. Qc2
Nc6 9. a3 Bxc3 10. Qxc3 Nd5 11. Qc2 Bd7 12. O-O Na5 13. Bd3 b5 14. Bxh7+ Kh8 15.
Be4 f5 16. Bxd5 exd5 17. f4 Qe7 18. Nf3 Nc4 19. Qf2 c5 20. Ng5 Rf6 21. Qe1 cxd4
22. exd4 Qd6 23. Qh4+ Rh6 24. Nf7+ Kg8 25. Qxh6 Qxh6 26. Nxh6+ gxh6 27. Re1 Kf7
28. b3 Nd6 29. Bd2 Ne4 30. Be3 Kf6 31. Rac1 Ra7 32. g3 a5 33. Kg2 b4 34. a4 Ra6
35. Rc7 Be6 36. Rec1 Nc3 37. Bd2 Ne4 38. Be1 h5 39. R1c6 Ra8 40. Rh7 Kg6 41. Re7
Nc3 42. Rcxe6# 1-0

[Event "AUTO-ADV-4490"]
[Site "http://www.queenalice.com/game.php?id=1684052"]
[Date "2021.4.25"]
[Round "1"]
[White "Nille"]
[Black "abh"]
[Result "0-1"]
[WhiteElo "1880"]
[BlackElo "2010"]

1. e4 c5 2. Nf3 Nc6 3. Bc4 d6 4. d4 e6 5. dxc5 Qa5+ 6. Nbd2 Qxc5 7. Bd3 Be7 8.
Nb3 Qb6 9. O-O Nf6 10. Be3 Qc7 11. a3 O-O 12. c3 e5 13. h3 Be6 14. c4 b6 15. Nh2
h6 16. f4 Qb7 17. f5 Bd7 18. Ng4 Rad8 19. Nxf6+ Bxf6 20. Qg4 Kh7 21. Qh5 Bc8 22.
Rf3 a6 23. Rg3 Rg8 24. Nd2 b5 25. cxb5 axb5 26. Bc2 d5 27. exd5 Rxd5 28. Bb3 Rd7
29. Bxf7 Rxf7 30. Qg6+ Kh8 31. Bxh6 Bxf5 32. Qxf5 gxh6 33. Rxg8+ Kxg8 34. Qg6+
Bg7 35. Ne4 Ne7 36. Qxf7+ Kxf7 37. Nd6+ Ke6 38. Nxb7 Kd5 39. Rc1 e4 40. b3 Bb2
41. Rc5+ Kd4 42. Rxb5 Bxa3 43. Nd8 Kd3 44. Nf7 e3 45. Kf1 Kd2 46. Re5 Bc5 47.
Nxh6 Nc6 48. Rxc5 e2+ 49. Kg1 e1=Q+ 50. Kh2 Nd4 51. Ng4 Ne2 52. Re5 Qg1# 0-1

[Event "AUTO-ADV-4422"]
[Site "http://www.queenalice.com/game.php?id=1759007"]
[Date "2021.5.9"]
[Round "2"]
[White "abh"]
[Black "Pin"]
[Result "0-1"]
[WhiteElo "2017"]
[BlackElo "1953"]

1. d4 Nf6 2. c4 g6 3. Nc3 d5 4. Nf3 Bg7 5. e3 O-O 6. Bd3 c5 7. O-O cxd4 8. exd4
dxc4 9. Bxc4 Nbd7 10. Be3 Nb6 11. b3 Nxc4 12. bxc4 Bf5 13. Ne2 b6 14. Rc1 Ng4
15. h3 Nxe3 16. fxe3 Rc8 17. a4 Bh6 18. Rc3 Be4 19. Ng3 Bb7 20. Re1 Ba6 21. Qb3
Qc7 22. Ne4 Bg7 23. Ned2 Rfd8 24. Rcc1 e6 25. Qa2 Bb7 26. Ng5 Qg3 27. Nde4 Qh4
28. g3 Qh6 29. Qf2 Bxe4 30. Qxf7+ Kh8 31. h4 Rf8 32. Qxe6 Bf5 33. Nf7+ Rxf7 34.
Qxf7 Rf8 35. Qxa7 g5 36. Qe7 gxh4 37. Qxh4 Qg6 38. c5 bxc5 39. Rxc5 Bf6 40. Qh2
Be4 41. a5 Be7 42. Rc4 Rf3 43. a6 Rxg3+ 44. Kf1 Bd3+ 45. Kf2 Qf5+ 46. Kxg3 Bd6+
47. Kg2 Bxh2 48. Rc5 Be4+ 49. Kxh2 Qf2+ 50. Kh3 Qxe1 51. Kg4 Qf2 52. Rc8+ Kg7
53. Rc7+ Kf6 54. Rc5 Qf3+ 55. Kh4 h5 56. Rxh5 Qh1+ 0-1

[Event "AUTO-ADV-4422"]
[Site "http://www.queenalice.com/game.php?id=1759008"]
[Date "2021.5.9"]
[Round "2"]
[White "Pin"]
[Black "abh"]
[Result "1-0"]
[WhiteElo "1909"]
[BlackElo "2029"]

1. e4 c5 2. Nf3 d6 3. d4 cxd4 4. Qxd4 Nc6 5. Bb5 Bd7 6. Bxc6 Bxc6 7. c4 e6 8.
Nc3 a6 9. O-O Qc7 10. Bg5 Be7 11. Rad1 f6 12. Be3 Nh6 13. h3 e5 14. Qd2 Nf7 15.
Nh4 Bxe4 16. Nxe4 Qxc4 17. f3 Qxa2 18. Nf5 O-O 19. Nxe7+ Kh8 20. Nxd6 Nxd6 21.
Qf2 Rfd8 22. Qh4 Qxb2 23. Bh6 Nf7 24. Bc1 Qc2 25. Rde1 Qc5+ 26. Kh1 Qxe7 27. Be3
h6 28. Qh5 b5 29. Qg6 b4 30. f4 e4 31. Bb6 Rd2 32. Rxe4 Qb7 33. Be3 Rb2 34. Bc1
Ra2 35. Rfe1 Rg8 36. Re8 Qc6 37. R8e6 Ne5 38. R6xe5 Rc2 39. Re6 Rxc1 40. Rxc6
Rxe1+ 41. Kh2 a5 42. Rxf6 b3 43. Qh5 Rb8 44. Rxh6+ gxh6 45. Qxh6+ Kg8 46. Qg5+
Kf7 47. Qd5+ Ke8 48. Qg8+ Kd7 49. Qxb8 a4 50. Qa7+ Kd6 51. Qxa4 Rb1 52. Qd4+ Kc6
53. Qe4+ 1-0

[Event "AUTO-ADV-4490"]
[Site "http://www.queenalice.com/game.php?id=1773279"]
[Date "2021.10.26"]
[Round "2"]
[White "marcoswerneck"]
[Black "abh"]
[Result "0-1"]
[WhiteElo "1675"]
[BlackElo "2018"]

1. e4 e5 2. d3 Ne7 3. Nf3 c5 4. Nc3 Nbc6 5. a3 d6 6. Be2 g6 7. h3 Bg7 8. Be3 O-O
9. Qd2 Be6 10. Ng5 b6 11. g4 d5 12. Nxd5 Nxd5 13. Nxe6 fxe6 14. h4 Nxe3 15. Qxe3
Nd4 16. Bd1 h6 17. f3 Rxf3 18. Qd2 Rf4 19. c3 Nb3 20. Bxb3 Qe7 21. Qg2 a6 22.
O-O-O b5 23. d4 c4 24. Bc2 Rd8 25. d5 exd5 26. exd5 Rd6 27. Bxg6 Rxg6 28. h5
Rfxg4 29. Qf2 Rd6 30. Kb1 e4 31. Qf5 Rg5 32. Qc8+ Bf8 33. Qa8 e3 34. Rh2 e2 35.
Re1 Qe4+ 36. Ka2 Qxd5 37. Qe8 Re5 38. Qb8 Qd1 39. Rg2+ Rg5 40. Rgxe2 Qb3+ 41.
Kb1 Rd1+ 0-1

[Event "AUTO-ADV-4490"]
[Site "http://www.queenalice.com/game.php?id=1773280"]
[Date "2021.10.26"]
[Round "2"]
[White "abh"]
[Black "marcoswerneck"]
[Result "1-0"]
[WhiteElo "2016"]
[BlackElo "1677"]

1. d4 d5 2. c4 c6 3. Nc3 h6 4. e3 Nf6 5. h3 e6 6. Bd3 a6 7. a4 Bb4 8. Ne2 O-O 9.
O-O dxc4 10. Bxc4 Ba5 11. Qc2 Qd6 12. Ne4 Nxe4 13. Qxe4 Bc7 14. Ng3 Nd7 15. Bd3
Nf6 16. Qf3 e5 17. b3 e4 18. Bxe4 Re8 19. Bd3 b6 20. Ba3 c5 21. Qxa8 Bxh3 22.
Qf3 Bg4 23. Qb7 Be6 24. Qxa6 Bxb3 25. Bc4 Bc2 26. Qb5 Bg6 27. dxc5 bxc5 28. Rad1
Qe5 29. Qxc5 Qxc5 30. Bxc5 Be5 31. a5 Ra8 32. a6 Ne4 33. Nxe4 Bxe4 34. Rd7 Rc8
35. Bxf7+ Kh8 36. Bd4 Bxd4 37. exd4 1-0

[Event "AUTO-ADV-4490"]
[Site "http://www.queenalice.com/game.php?id=1773283"]
[Date "2021.10.26"]
[Round "2"]
[White "Daniel1962"]
[Black "abh"]
[Result "0-1"]
[WhiteElo "1731"]
[BlackElo "2011"]

1. d4 Nf6 2. Nc3 d5 3. Bf4 a6 4. e3 e6 5. Nf3 b5 6. a3 Be7 7. b4 O-O 8. Qd3 Nbd7
9. Ng5 h6 10. h4 g6 11. O-O-O hxg5 12. hxg5 Nh7 13. Be2 Bxg5 14. Bg3 c6 15. f4
Bf6 16. Rh3 Kg7 17. Rdh1 Rh8 18. e4 dxe4 19. Nxe4 a5 20. bxa5 Rxa5 21. f5 exf5
22. Nd6 Nb6 23. Bf3 Bg5+ 24. Kb1 f4 25. Nxc8 Qxc8 26. Be1 Ra7 27. Bc3 Bf6 28.
Qe4 Rxa3 29. Bb4 Ra4 30. c3 Nd5 31. Kb2 Nxb4 32. cxb4 Rxb4+ 33. Kc2 Rxd4 34.
Qxc6 Rc4+ 0-1

[Event "AUTO-ADV-4490"]
[Site "http://www.queenalice.com/game.php?id=1773284"]
[Date "2021.10.26"]
[Round "2"]
[White "abh"]
[Black "Daniel1962"]
[Result "1-0"]
[WhiteElo "2020"]
[BlackElo "1856"]

1. d4 d5 2. c4 c6 3. Nc3 dxc4 4. a4 Bf5 5. e4 Bg6 6. Bxc4 e6 7. Nf3 Bd6 8. O-O
c5 9. dxc5 Be7 10. Bb5+ Nc6 11. Ne5 Qc7 12. Be3 Nf6 13. Bxc6+ bxc6 14. f4 Nxe4
15. Nxg6 Nxc3 16. Qc2 hxg6 17. Qxc3 Bf6 18. Qc1 Rb8 19. Rb1 e5 20. fxe5 Bxe5 21.
Bf4 Bxf4 22. Qxf4 Qxf4 23. Rxf4 g5 24. Re4+ Kd7 25. Rd1+ Kc8 26. Rd2 f5 27. Re7
Rb7 28. Rxb7 Kxb7 29. Rd7+ Ka6 30. Rxg7 g4 31. b4 Rd8 32. Rg6 Kb7 33. Rd6 Re8
34. b5 cxb5 35. axb5 Re5 36. Rd7+ Kb8 37. b6 axb6 38. cxb6 Rb5 39. Rf7 Kc8 40.
Kf2 Rxb6 41. Rxf5 Kd7 42. Rf4 Rg6 43. Kg3 Ke6 44. Rxg4 Rh6 45. h4 Kf5 46. Rg5+
Kf6 47. Kg4 Rh7 48. Rf5+ Kg6 49. h5+ Kh6 50. Rf6+ Kg7 51. Rg6+ Kf7 52. Kg5 Ke7
53. h6 Kf7 54. Rf6+ Kg8 55. Ra6 Kf7 56. Ra7+ Kg8 57. Rxh7 Kxh7 58. g4 Kg8 59.
Kg6 Kh8 60. g5 Kg8 61. h7+ Kh8 62. Kf7 Kxh7 63. g6+ 1-0

[Event "AUTO-ADV-4490"]
[Site "http://www.queenalice.com/game.php?id=1777740"]
[Date "2021.12.20"]
[Round "3"]
[White "abh"]
[Black "ebpap123"]
[Result "1-0"]
[WhiteElo "2006"]
[BlackElo "1800"]

1. d4 Nf6 2. c4 e6 3. Nc3 Be7 4. e3 c5 5. Bd3 cxd4 6. exd4 O-O 7. Nge2 Nc6 8.
O-O a6 9. c5 b6 10. Na4 bxc5 11. dxc5 Nd5 12. Qc2 g6 13. a3 Rb8 14. b4 Bf6 15.
Rb1 Bb7 16. Nb2 Ne5 17. Nc4 Nxd3 18. Qxd3 Bg7 19. Bd2 1-0

[Event "AUTO-ADV-4490"]
[Site "http://www.queenalice.com/game.php?id=1777741"]
[Date "2021.12.20"]
[Round "3"]
[White "ebpap123"]
[Black "abh"]
[Result "0-1"]
[WhiteElo "1808"]
[BlackElo "1998"]

1. e4 e5 2. Nf3 Nc6 3. Bb5 Nge7 4. c3 b6 5. d4 exd4 6. cxd4 Bb7 7. O-O g6 8. Re1
Bg7 9. Be3 O-O 10. Ba4 a6 11. Nbd2 b5 12. Bc2 d6 13. Nf1 Nb4 14. Bb1 c5 15. a3
Nbc6 16. Ra2 c4 17. Bc2 f5 18. exf5 Nxf5 19. Bxf5 Rxf5 0-1